Quellen Zu Seinem Leben Und Werk (Record no. 100095)

MARC details
000 -LEADER
fixed length control field 00391nam a2200133Ia 4500
008 - FIXED-LENGTH DATA ELEMENTS--GENERAL INFORMATION
fixed length control field 211118s9999||||xx |||||||||||||| ||und||
082 ## - DEWEY DECIMAL CLASSIFICATION NUMBER
Classification number 430
Item number GUN-Q
100 ## - MAIN ENTRY--PERSONAL NAME
Personal name Gundert, Herman
245 #0 - TITLE STATEMENT
Title Quellen Zu Seinem Leben Und Werk
260 ## - PUBLICATION, DISTRIBUTION, ETC.
Name of publisher, distributor, etc. Suddeutsche Verlagsgesellschaft Ulm
Place of publication, distribution, etc. Ulm
Date of publication, distribution, etc. 1991
630 ## - SUBJECT ADDED ENTRY--UNIFORM TITLE
General subdivision PGR-HERMAN GUNDART COLLECTION
650 ## - SUBJECT ADDED ENTRY--TOPICAL TERM
Topical term or geographic name entry element German Language
942 ## - ADDED ENTRY ELEMENTS (KOHA)
Koha item type BOOK
650 ## - SUBJECT ADDED ENTRY--TOPICAL TERM
Form subdivision Malayalam
Holdings
Withdrawn status Lost status Damaged status Not for loan Home library Current library Date acquired Cost, normal purchase price Total Checkouts Full call number Barcode Shelving location Date last seen Price effective from Koha item type
        SB LIBRARY SB LIBRARY 18/11/2021 200.00   430 GUN-Q 00105685 PGR-HERMAN GUNDART COLLECTION 18/11/2021 18/11/2021 BOOK

Powered by Koha